Cambridge star atlas (Record no. 2616)

000 -LEADER
fixed length control field 01386nam a2200217Ia 4500
008 - FIXED-LENGTH DATA ELEMENTS--GENERAL INFORMATION
fixed length control field 200103s 2001 ||||xx |||||||||||||| ||und||
020 ## - INTERNATIONAL STANDARD BOOK NUMBER
International Standard Book Number 9780521800846
082 ## - DEWEY DECIMAL CLASSIFICATION NUMBER
Classification number 523.80223
Item number TIR
100 ## - MAIN ENTRY--PERSONAL NAME
Personal name Tirion, Wil
245 #4 - TITLE STATEMENT
Title Cambridge star atlas
250 ## - EDITION STATEMENT
Edition statement 3rd
260 ## - PUBLICATION, DISTRIBUTION, ETC. (IMPRINT)
Name of publisher, distributor, etc Cambridge University Press
Date of publication, distribution, etc 2001
Place of publication, distribution, etc Cambridge
300 ## - PHYSICAL DESCRIPTION
Extent vi, 90 p.: col. ill.
504 ## - BIBLIOGRAPHY, ETC. NOTE
Bibliography, etc Contents<br/><br/>Cover<br/>The Cambridge Star Atlas<br/>Title<br/>Copyright<br/>CONTENTS<br/>PREFACE<br/>THE MOON<br/>Observing the Moon<br/>Different orientations of the Moon<br/>SEASONAL SKY MAPS<br/>Choosing the right map<br/>THE MESSIER OBJECTS<br/>STAR CHARTS<br/>Stars<br/>Magnitudes<br/>Stars names<br/>Constellations<br/>Variable stars<br/>Double stars<br/>Open and globular clusters<br/>Diffuse and planetary nebulae<br/>Galaxies<br/>The Galactic Equator<br/>The ecliptic<br/>The Moon and the planets<br/>Abbreviations used in the star chart tables<br/>ALL-SKY MAPS<br/>The constellations<br/>Distribution of open clusters<br/>Distribution of globular clusters<br/>Distribution of diffuse nebulae<br/>Distribution of planetary nebulaDistribution of galaxies<br/>EXOPLANET<br/>SOURCES AND REFERENCES<br/>Catalogues<br/>Atlases<br/>
520 ## - SUMMARY, ETC.
Summary, etc Ideal for astronomers worldwide, the fourth edition of this classic atlas features new Moon maps, new data and enhanced charts.
650 ## - SUBJECT ADDED ENTRY--TOPICAL TERM
Topical term or geographic name as entry element Stars
650 ## - SUBJECT ADDED ENTRY--TOPICAL TERM
Topical term or geographic name as entry element Northern Hemisphere
650 ## - SUBJECT ADDED ENTRY--TOPICAL TERM
Topical term or geographic name as entry element Southern Hemisphere
650 ## - SUBJECT ADDED ENTRY--TOPICAL TERM
Topical term or geographic name as entry element Astronomy
942 ## - ADDED ENTRY ELEMENTS (KOHA)
Item type Books
Holdings
Withdrawn status Lost status Source of classification or shelving scheme Damaged status Not for loan Collection code Permanent location Current location Shelving location Date acquired Full call number Barcode Date last seen Koha item type Public note
          Non-fiction IMU-MPC Library IMU-MPC Library General Stacks 2020-01-08 523.80223 TIR LBS11752 2025-03-17 Reference book Column - 1
Copyright © 2021 Indian Maritime University, Mumbai Port Campus. All Rights Reserved. Managed & Maintained by Central Library, IMU-Mumbai

webs counters

Powered by Koha